Normal view
MARC view
Entry Personal Name
001 - CONTROL NUMBER
- control field: 2100
003 - CONTROL NUMBER IDENTIFIER
- control field: OSt
005 - DATE AND TIME OF LATEST TRANSACTION
- control field: 20110428130532.0
008 - FIXED-LENGTH DATA ELEMENTS
- fixed length control field: 110428|||a|||||| | ||| d
040 ## - CATALOGING SOURCE
- Original cataloging agency: OSt
- Transcribing agency: OSt
100 ## - HEADING--PERSONAL NAME
- Personal name: Simplified Rome Statute of the International Criminal Court.
670 ## - SOURCE DATA FOUND
- Source citation: Work cat.: (OSt): Simplified Rome Statute of the International Criminal Court., Simplified Rome Statute of the International Criminal Court /
